Salud laboral, igualdad y mujer Aspectos jurd̕icos /

Detalles Bibliográficos
Autor principal: Vallejo Da Costa, Ruth
Formato: eBook
Lenguaje:español
Publicado: Albacete: Editorial Bomarzo, 2019
Materias:
Acceso en línea:Acceso restringido

MARC

LEADER 00000nam a22000007a 4500
005 20200304203955.0
007 cr|||| ||||
008 200304s2019 es |||||s|||| 00||0 spa d
020 |a 978-84-17310-85-1 
035 |a 31043 
040 |a vLex 
090 |c 10170  |d 10170 
100 1 |a Vallejo Da Costa, Ruth 
245 1 0 |a Salud laboral, igualdad y mujer  |h [Recurso electrn̤ico] :  |b Aspectos jurd̕icos /  |c Ruth Vallejo Da Costa 
256 |a Servicio en ln̕ea 
260 |a Albacete:  |b Editorial Bomarzo,  |c 2019 
300 |a 1 recurso electrn̤ico 
506 1 |a Disponible solo en los productos indicados  |d vLex Global  |d vLex Global (Academic Edition, excluding Law Schools)  |d vLex Global (U.S. Academic Edition, Law Schools)  |d vLex Global (U.S. Academic Edition, excluding Law Schools)  |d vLex Global (Academic Edition, Law Schools) 
650 0 4 |a Derecho Laboral y Seguridad Social  |z Espaą 
740 0 |a vLex Libros (Servicio en ln̕ea) 
856 4 0 |u http://vlex.com/source/salud-laboral-igualdad-mujer-aspectos-juridicos-31043  |z Acceso restringido 
942 |c BOOK 
999 0 |a Labor law and social security